00487nam a2200193 a 4500001001300000003000900013005001700022008004100039020001000080082001600090100002700106245002000133260003200153300000900185500003500194505001000229650002700239700002700266nice12345678IN_TiNIC20260116011538.0050524s1902 lona grp 000 0 per  ac10000a891.51bFAR aFaryabi, H Zaheeruddin aDiwan-E-Faryabi aLondon bNo Publisherc1902 a372p aincludes index and biblioraphy2 aIndex aPersian Poetry-Faryabi1 aFaryabi, H Zaheeruddin